| 000 | 00656cam a2200217u 4500 | ||
|---|---|---|---|
| 082 |
_a696.13 _bBIA _cL-23, P-5 |
||
| 100 | 1 |
_aBlake, Edwin Holmes, _945633 |
|
| 245 | 0 | 0 | _aDrainage and sanitation, |
| 250 | _a[11th ed.] | ||
| 260 |
_aLondon, _bB. T. Batsford _c[1956] |
||
| 300 |
_a503 p. _billus. _c20 cm. |
||
| 526 |
_a0 _b0 _c0 _d696_130000000000000_BIA |
||
| 650 | 0 |
_aDrainage, House. _944221 |
|
| 650 | 0 |
_aHeating. _932526 |
|
| 650 | 0 |
_aMCE _9379 |
|
| 650 | 0 |
_aSanitary engineering. _92530 |
|
| 650 | 0 |
_aSanitation, Household. _941178 |
|
| 650 | 0 |
_aVentilation. _932527 |
|
| 700 | 1 |
_aJenkins, William Rees, [from old catalog] _945634 |
|
| 942 |
_2ddc _cBK |
||
| 999 |
_c549109 _d549109 |
||